[Event "Meesterklasse 2018-2109"]
[Site "?"]
[Date "2018.12.15"]
[Round "5.8"]
[White "Van der Poel, Henk"]
[Black "Schouten, Jordy"]
[Result "1/2-1/2"]
[WhiteElo "2244"]
[BlackElo "2092"]
[PlyCount "162"]
[EventDate "2018.09.15"]
[EventType "team-tourn"]
[EventRounds "9"]
[EventCountry "NED"]
[WhiteTeam "BSG"]
[BlackTeam "De Stukkenjagers"]
[WhiteTeamCountry "NED"]
[BlackTeamCountry "NED"]

1. e4 c5 2. Nf3 d6 3. d4 cxd4 4. Nxd4 Nf6 5. Nc3 Nc6 6. Bg5 e6 7. Qd2 a6 8.
O-O-O Bd7 9. f3 Be7 10. h4 Qc7 11. Kb1 h6 12. Be3 Nxd4 13. Bxd4 Bc6 14. g4
O-O-O 15. Qf2 Rd7 16. Bh3 Kb8 17. g5 Ne8 18. g6 f5 19. exf5 e5 20. Bb6 Qc8 21.
f6 Nxf6 22. Rhe1 Rf8 23. Qe3 Nh5 24. Bxd7 Qxd7 25. Ne4 Nf4 26. Qb3 Nxg6 27. Rg1
Nxh4 28. Rxg7 Nxf3 29. Ng3 h5 30. Rg8 Qe8 31. Rxf8 Qxf8 32. Qe6 Ng5 33. Qf5 h4
34. Qxf8+ Bxf8 35. Nf5 h3 36. Nxd6 h2 37. Ne4 h1=Q 38. Rxh1 Bxe4 39. Rh5 Nf7
40. Rh4 Bf5 41. Rh5 Be6 42. b3 Kc8 43. Kc1 Bh6+ 44. Kb2 Kd7 45. c4 Bg4 46. Rh4
Bf3 47. Kc3 Ke6 48. Bf2 Kf5 49. b4 e4 50. b5 axb5 51. cxb5 e3 52. Be1 Bg5 53.
Rh7 Kg6 54. Rh2 Ne5 55. a4 Be4 56. Bg3 Kf5 57. a5 Nf3 58. Ra2 Bf6+ 59. Kb4 Kg4
60. Bd6 Nd2 61. Bc5 e2 62. Bf2 Kf3 63. Be1 Nf1 64. a6 bxa6 65. bxa6 Ne3 66. a7
Ng2 67. Bd2 Bg5 68. Bc3 Ba8 69. Kb5 Ne3 70. Kb6 Bh4 71. Kc7 Bg3+ 72. Kc8 Ke4
73. Ba5 Kd3 74. Rxe2 Kxe2 75. Bc7 Bxc7 76. Kxc7 Nd5+ 77. Kb8 Nb6 78. Kc7 Nd5+
79. Kb8 Nb6 80. Kc7 Nd5+ 81. Kb8 Nb6 1/2-1/2

[Event "Meesterklasse 2018-2109"]
[Site "?"]
[Date "2018.12.15"]
[Round "5.9"]
[White "Nabuurs, Mart"]
[Black "Van der Heijden, Ton"]
[Result "1/2-1/2"]
[WhiteElo "2240"]
[BlackElo "2301"]
[PlyCount "53"]
[EventDate "2018.09.15"]
[EventType "team-tourn"]
[EventRounds "9"]
[EventCountry "NED"]
[WhiteTeam "De Stukkenjagers"]
[BlackTeam "BSG"]
[WhiteTeamCountry "NED"]
[BlackTeamCountry "NED"]

1. e4 c5 2. Nf3 d6 3. d4 cxd4 4. Nxd4 Nf6 5. Nc3 Nc6 6. Bg5 e6 7. Qd2 Be7 8.
O-O-O O-O 9. f4 h6 10. Bh4 Bd7 11. Bf2 a6 12. Be2 b5 13. Bf3 Rc8 14. Kb1 b4 15.
Nce2 Na5 16. b3 e5 17. g4 Bxg4 18. Rhg1 Bxf3 19. Nxf3 Nxe4 20. Qe3 Nxf2 21.
fxe5 Qc7 22. Ned4 Nxd1 23. Qxh6 g6 24. Rxg6+ fxg6 25. Qxg6+ Kh8 26. Qh6+ Kg8
27. Qg6+ 1/2-1/2

[Event "Meesterklasse 2018-2109"]
[Site "?"]
[Date "2018.12.15"]
[Round "5.10"]
[White "De Groote, Ewoud"]
[Black "Beukema, Jasper"]
[Result "0-1"]
[WhiteElo "2294"]
[BlackElo "2258"]
[PlyCount "98"]
[EventDate "2018.09.15"]
[EventType "team-tourn"]
[EventRounds "9"]
[EventCountry "NED"]
[WhiteTeam "BSG"]
[BlackTeam "De Stukkenjagers"]
[WhiteTeamCountry "NED"]
[BlackTeamCountry "NED"]

1. e4 e5 2. Nf3 Nc6 3. Bb5 Nge7 4. Nc3 d6 5. d4 a6 6. Bc4 Nxd4 7. Nxd4 exd4 8.
Qxd4 Nc6 9. Qe3 Be7 10. Qg3 O-O 11. h4 Re8 12. Bg5 Bf6 13. O-O-O Be6 14. Nd5
Bxd5 15. Bxd5 Nb4 16. f3 Nxd5 17. Rxd5 Re6 18. Rf5 h6 19. Kb1 hxg5 20. hxg5 Be5
21. Qh3 Kf8 22. Qh7 Qe8 23. f4 Bd4 24. e5 dxe5 25. g6 f6 26. Qh8+ Ke7 27. Qxg7+
Kd6 28. Rxf6 Kc6 29. c3 Bb6 30. fxe5 Kb5 31. Rxe6 Qxe6 32. Qf6 Qc4 33. Qf5 Bc5
34. Re1 Rf8 35. Qd7+ Kb6 36. e6 Rf1 37. Rxf1 Qxf1+ 38. Kc2 Qxg2+ 39. Kb3 Qxg6
40. a4 Bd6 41. Kc4 Qc2 42. b4 Qd1 43. a5+ Ka7 44. Qf7 c6 45. Qf5 Kb8 46. Qe4
Qd5+ 47. Qxd5 cxd5+ 48. Kxd5 Kc7 49. Kd4 Kc6 0-1

[Event "Meesterklasse 2018-2109"]
[Site "?"]
[Date "2018.12.15"]
[Round "5.1"]
[White "Ducarmon, Quinten"]
[Black "Warmerdam, Max"]
[Result "0-1"]
[WhiteElo "2485"]
[BlackElo "2422"]
[PlyCount "66"]
[EventDate "2018.09.15"]
[EventType "team-tourn"]
[EventRounds "9"]
[EventCountry "NED"]
[WhiteTeam "Kennemer Combinatie"]
[BlackTeam "MuConsult Apeldoorn"]
[WhiteTeamCountry "NED"]
[BlackTeamCountry "NED"]

1. e4 e5 2. Nf3 Nc6 3. d4 exd4 4. Nxd4 Bc5 5. Nb3 Bb6 6. Nc3 Nf6 7. Bg5 h6 8.
Bh4 d6 9. Bd3 Be6 10. Na4 d5 11. Nxb6 axb6 12. Nd2 Ne5 13. O-O Nxd3 14. cxd3
dxe4 15. dxe4 Qd4 16. Qc2 Qc5 17. Rfc1 Qxc2 18. Rxc2 c6 19. a3 Ra4 20. f3 O-O
21. b3 Rd4 22. Bf2 Rd3 23. Bxb6 Bxb3 24. Rb2 Ba4 25. Kf2 Ra8 26. Be3 Bb5 27.
Nb3 Nd7 28. Nd4 Ba6 29. Nb3 Ne5 30. Nc5 Rxe3 31. Kxe3 Nc4+ 32. Kd4 Nxb2 33. Kc3
b6 0-1

[Event "Meesterklasse 2018-2109"]
[Site "?"]
[Date "2018.12.15"]
[Round "5.2"]
[White "Kevlishvili, Robby"]
[Black "Van Foreest, Jorden"]
[Result "1/2-1/2"]
[WhiteElo "2451"]
[BlackElo "2614"]
[PlyCount "70"]
[EventDate "2018.09.15"]
[EventType "team-tourn"]
[EventRounds "9"]
[EventCountry "NED"]
[WhiteTeam "MuConsult Apeldoorn"]
[BlackTeam "Kennemer Combinatie"]
[WhiteTeamCountry "NED"]
[BlackTeamCountry "NED"]

1. e4 c5 2. Nf3 d6 3. d4 cxd4 4. Nxd4 Nf6 5. Nc3 a6 6. Be3 e5 7. Nf3 Be7 8. Bc4
O-O 9. O-O Be6 10. Bb3 b5 11. Re1 Qc8 12. Nd5 Nxd5 13. Bxd5 Bxd5 14. Qxd5 Nd7
15. Qd3 Qc6 16. c3 Rac8 17. Nd2 Rfd8 18. Rad1 h6 19. Nf1 Nf6 20. Bc1 d5 21.
exd5 Rxd5 22. Qg3 Rxd1 23. Rxd1 Qe6 24. h3 Ne4 25. Qf3 Nc5 26. Ng3 Bf8 27. Qd5
Qxd5 28. Rxd5 f6 29. b3 Kf7 30. f4 exf4 31. Bxf4 Ne6 32. Bd2 Rd8 33. Rxd8 Nxd8
34. Kf2 Ke6 35. Ne2 g5 1/2-1/2

[Event "Meesterklasse 2018-2109"]
[Site "?"]
[Date "2018.12.15"]
[Round "5.3"]
[White "Vrolijk, Liam"]
[Black "Kuipers, Stefan"]
[Result "0-1"]
[WhiteElo "2440"]
[BlackElo "2468"]
[PlyCount "84"]
[EventDate "2018.09.15"]
[EventType "team-tourn"]
[EventRounds "9"]
[EventCountry "NED"]
[WhiteTeam "Kennemer Combinatie"]
[BlackTeam "MuConsult Apeldoorn"]
[WhiteTeamCountry "NED"]
[BlackTeamCountry "NED"]

1. d4 d5 2. c4 c6 3. Nf3 Nf6 4. e3 Bf5 5. Nc3 e6 6. Nh4 Be4 7. f3 Bg6 8. Qb3
Qc7 9. Bd2 Be7 10. cxd5 cxd5 11. Nxg6 hxg6 12. O-O-O Nc6 13. Kb1 Rc8 14. Rc1 a6
15. Bd3 Nd7 16. Ne2 Qb6 17. Qxb6 Nxb6 18. Rc3 Na4 19. Rc2 Kd7 20. a3 b5 21. b3
Nb6 22. Kb2 Bd6 23. h3 Ne7 24. e4 Rxc2+ 25. Bxc2 Nc6 26. e5 Be7 27. Bd3 g5 28.
Be3 f6 29. exf6 gxf6 30. f4 Nc8 31. fxg5 fxg5 32. Rf1 Nd6 33. Ng1 Rg8 34. Be2
Nf5 35. Bf2 Nfxd4 36. Bxd4 Nxd4 37. Bg4 Kd6 38. Nf3 Nc6 39. Rc1 Bf6+ 40. Kb1 e5
41. Rf1 Bh8 42. Nd2 e4 0-1

[Event "Meesterklasse 2018-2109"]
[Site "?"]
[Date "2018.12.15"]
[Round "5.5"]
[White "Van der Lende, Ilias"]
[Black "Pruijssers, Roeland"]
[Result "0-1"]
[WhiteElo "2335"]
[BlackElo "2524"]
[PlyCount "56"]
[EventDate "2018.09.15"]
[EventType "team-tourn"]
[EventRounds "9"]
[EventCountry "NED"]
[WhiteTeam "Kennemer Combinatie"]
[BlackTeam "MuConsult Apeldoorn"]
[WhiteTeamCountry "NED"]
[BlackTeamCountry "NED"]

1. d4 f5 2. Nf3 Nf6 3. g3 g6 4. Bg2 Bg7 5. O-O O-O 6. Nbd2 Nc6 7. c4 d6 8. d5
Ne5 9. Nxe5 dxe5 10. Nf3 Ne4 11. Nd2 Nf6 12. Nf3 e4 13. Nd4 e5 14. Nc2 h6 15.
b3 g5 16. Bb2 Qe8 17. Qd2 f4 18. Qc3 Qh5 19. gxf4 gxf4 20. Qxe5 Qxe2 21. Qc3
Qh5 22. Bxe4 Rf7 23. Bg2 Ng4 24. Qh3 Qxh3 25. Bxh3 Bxb2 26. Rae1 Rg7 27. Kh1
Nxf2+ 28. Rxf2 Bxh3 0-1

[Event "Meesterklasse 2018-2109"]
[Site "?"]
[Date "2018.12.15"]
[Round "5.6"]
[White "Van Delft, Merijn"]
[Black "Lopez, Jasel"]
[Result "0-1"]
[WhiteElo "2354"]
[BlackElo "2379"]
[PlyCount "66"]
[EventDate "2018.09.15"]
[EventType "team-tourn"]
[EventRounds "9"]
[EventCountry "NED"]
[WhiteTeam "MuConsult Apeldoorn"]
[BlackTeam "Kennemer Combinatie"]
[WhiteTeamCountry "NED"]
[BlackTeamCountry "NED"]

1. e4 e6 2. d4 d5 3. Nd2 Nf6 4. e5 Nfd7 5. f4 c5 6. Ngf3 Nc6 7. Nb3 c4 8. Nbd2
b5 9. Be2 Qb6 10. Nf1 b4 11. b3 cxb3 12. axb3 a5 13. Ne3 Ba6 14. Bxa6 Qxa6 15.
Qe2 Be7 16. Qxa6 Rxa6 17. Bb2 Nb6 18. Ke2 Kd7 19. Ra2 a4 20. Rha1 Rha8 21. bxa4
Rxa4 22. Rxa4 Rxa4 23. Rxa4 Nxa4 24. Bc1 Bd8 25. Kd3 Bb6 26. g4 Bxd4 27. Ng5
Nc5+ 28. Ke2 Bc3 29. Nxf7 Nd4+ 30. Kf1 Ne4 31. h4 Ng3+ 32. Kf2 Ne4+ 33. Kg2 Ne2
0-1

[Event "Meesterklasse 2018-2109"]
[Site "?"]
[Date "2018.12.15"]
[Round "5.7"]
[White "Klein, David"]
[Black "Hachijan, Armen"]
[Result "1-0"]
[WhiteElo "2489"]
[BlackElo "2302"]
[PlyCount "81"]
[EventDate "2018.09.15"]
[EventType "team-tourn"]
[EventRounds "9"]
[EventCountry "NED"]
[WhiteTeam "Kennemer Combinatie"]
[BlackTeam "MuConsult Apeldoorn"]
[WhiteTeamCountry "NED"]
[BlackTeamCountry "NED"]

1. c4 d6 2. Nc3 g6 3. g3 Bg7 4. Bg2 e5 5. e3 Nc6 6. Rb1 Be6 7. d3 Qd7 8. b4
Nge7 9. h3 O-O 10. Nge2 Nd8 11. Nd5 Nc8 12. Bb2 c6 13. Ndc3 h6 14. b5 Ne7 15.
Qa4 d5 16. bxc6 Ndxc6 17. Ba3 Rfd8 18. O-O b6 19. Kh2 Rac8 20. Rfd1 d4 21. exd4
exd4 22. Ne4 Nf5 23. Nf4 Na5 24. Qc2 Be5 25. Qd2 Kg7 26. Rb5 f6 27. Nxe6+ Qxe6
28. Re1 Qd7 29. Bc1 Rh8 30. Kg1 h5 31. Rd5 Qc7 32. f4 Bd6 33. Nxd6 Nxd6 34. Ba3
Rcd8 35. Re6 Nab7 36. f5 Nc5 37. Bxc5 bxc5 38. fxg6 Nc8 39. Qf2 Rdf8 40. Qf5
Ne7 41. Rxe7+ 1-0

[Event "Meesterklasse 2018-2109"]
[Site "?"]
[Date "2018.12.15"]
[Round "5.8"]
[White "Zwirs, Nico"]
[Black "Admiraal, Miguoel"]
[Result "1/2-1/2"]
[WhiteElo "2413"]
[BlackElo "2482"]
[PlyCount "192"]
[EventDate "2018.09.15"]
[EventType "team-tourn"]
[EventRounds "9"]
[EventCountry "NED"]
[WhiteTeam "MuConsult Apeldoorn"]
[BlackTeam "Kennemer Combinatie"]
[WhiteTeamCountry "NED"]
[BlackTeamCountry "NED"]

1. e4 c6 2. d4 d5 3. exd5 cxd5 4. c4 Nf6 5. Nc3 Nc6 6. Bg5 Ne4 7. cxd5 Nxc3 8.
bxc3 Qxd5 9. Nf3 Bg4 10. Qb3 O-O-O 11. Rb1 Qxb3 12. axb3 f6 13. Be3 e5 14. dxe5
Bxf3 15. gxf3 Nxe5 16. Be2 Nd3+ 17. Kf1 a6 18. Rg1 g5 19. Bd4 Rxd4 20. cxd4 Nf4
21. h4 h6 22. Rd1 Rh7 23. Bd3 Rc7 24. Be4 Rc3 25. Rb1 b5 26. Ke1 Kd7 27. Kd1 a5
28. hxg5 fxg5 29. Re1 Bg7 30. d5 Rc5 31. Rc1 Rxc1+ 32. Kxc1 h5 33. Kd2 h4 34.
Rc1 a4 35. bxa4 bxa4 36. Rc6 Be5 37. Ra6 h3 38. Rxa4 h2 39. Ra7+ Kd6 40. Rh7
Ng2 41. Rh6+ Kc5 42. f4 Nxf4 43. Rxh2 Kd4 44. Bh1 Nxd5 45. Rh7 Bf4+ 46. Ke2 Nf6
47. Re7 Ng4 48. Re4+ Kc5 49. Ra4 Ne5 50. Ra5+ Kd4 51. Bb7 Kc3 52. Rc5+ Kb4 53.
Rc8 Kb3 54. Bd5+ Kb4 55. Bb7 Kb3 56. Ba6 Kb4 57. Kd1 Kb3 58. Be2 Kb2 59. Bf1
Kb3 60. Bg2 Nd3 61. Ke2 Ne5 62. Be4 Kb4 63. Bf5 Kb3 64. Kd1 Nf3 65. Be6+ Kb4
66. Bd5 Ne5 67. f3 Nd3 68. Be4 Ne5 69. Kc2 Be3 70. Re8 Bf4 71. Rd8 Kc4 72. Bd3+
Kb4 73. Be2 Kc5 74. Kc3 Be3 75. Bd1 Bf4 76. Ra8 Be3 77. Ra6 Bf4 78. Be2 Be3 79.
Ra8 Kd5 80. Re8 Bf4 81. Bd3 Kd6 82. Be4 Be3 83. Rd8+ Ke6 84. Ra8 g4 85. Ra6+
Ke7 86. Bf5 g3 87. Bh3 Kf7 88. Bg2 Bf2 89. f4 Ng4 90. Bd5+ Kf8 91. Kd3 Ne3 92.
Be4 g2 93. Bxg2 Nxg2 94. Ra2 Nxf4+ 95. Ke4 Nh3 96. Rxf2+ Nxf2+ 1/2-1/2

[Event "Meesterklasse 2018-2109"]
[Site "?"]
[Date "2018.12.15"]
[Round "5.9"]
[White "Mesman, Edwyn"]
[Black "Rijnaarts, Sjef"]
[Result "1/2-1/2"]
[WhiteElo "2225"]
[BlackElo "2359"]
[PlyCount "63"]
[EventDate "2018.09.15"]
[EventType "team-tourn"]
[EventRounds "9"]
[EventCountry "NED"]
[WhiteTeam "Kennemer Combinatie"]
[BlackTeam "MuConsult Apeldoorn"]
[WhiteTeamCountry "NED"]
[BlackTeamCountry "NED"]

1. d4 d5 2. c4 c6 3. Nf3 Nf6 4. Nc3 e6 5. Bg5 h6 6. Bh4 dxc4 7. e4 g5 8. Bg3 b5
9. Be2 Bb7 10. O-O Nbd7 11. h4 g4 12. Ne5 Rg8 13. Nxd7 Nxd7 14. Bxg4 Nf6 15.
Bf3 Rxg3 16. fxg3 Qb6 17. e5 O-O-O 18. Kh2 Rxd4 19. Qe1 Nd7 20. Bh5 Bg7 21.
Bxf7 c5 22. Bxe6 Qxe6 23. Nxb5 Bxe5 24. Nxd4 cxd4 25. Rc1 Bd5 26. Qa5 Qg4 27.
Qxd5 Qxg3+ 28. Kg1 Qh2+ 29. Kf2 Qg3+ 30. Kg1 Qh2+ 31. Kf2 Qg3+ 32. Kg1 1/2-1/2

[Event "Meesterklasse 2018-2109"]
[Site "?"]
[Date "2018.12.15"]
[Round "5.10"]
[White "Van de Oudeweetering, Arthur"]
[Black "Dek, Lennart"]
[Result "1/2-1/2"]
[WhiteElo "2284"]
[BlackElo "2336"]
[PlyCount "106"]
[EventDate "2018.09.15"]
[EventType "team-tourn"]
[EventRounds "9"]
[EventCountry "NED"]
[WhiteTeam "MuConsult Apeldoorn"]
[BlackTeam "Kennemer Combinatie"]
[WhiteTeamCountry "NED"]
[BlackTeamCountry "NED"]

1. e4 c5 2. c3 Nf6 3. e5 Nd5 4. Nf3 Nc6 5. Bc4 e6 6. d4 cxd4 7. cxd4 d6 8. O-O
Be7 9. Qe2 O-O 10. Nc3 dxe5 11. dxe5 Nxc3 12. bxc3 Qa5 13. Bd2 Rd8 14. Rfe1 b6
15. Qe4 Bb7 16. Ng5 Bxg5 17. Bxg5 Rd7 18. Bd3 f5 19. Qc4 Kh8 20. Bf1 Rd5 21. f4
Rc8 22. Qb3 Qc5+ 23. Kh1 Na5 24. Qb4 Qxc3 25. Qe7 Qc6 26. Rac1 Rc5 27. Bf6 Qc7
28. Rxc5 bxc5 29. Bxg7+ Kg8 30. Qxe6+ Qf7 31. Qxf7+ Kxf7 32. Bh6 Ke6 33. Kg1 c4
34. h3 Be4 35. g4 c3 36. gxf5+ Bxf5 37. Kf2 c2 38. Rc1 Rb8 39. Ke3 Rb2 40. Bd3
Rxa2 41. Bxf5+ Kxf5 42. Kd3 Ra3+ 43. Kxc2 Rxh3 44. Bg5 h6 45. Bf6 Nc6 46. Kd2
Nd4 47. Rc4 Ne6 48. Ra4 Nxf4 49. Rxa7 Rh2+ 50. Ke3 Nd5+ 51. Kf3 Nxf6 52. exf6
Kxf6 53. Kg3 Rb2 1/2-1/2

[Event "Meesterklasse 2018-2109"]
[Site "?"]
[Date "2018.12.15"]
[Round "5.1"]
[White "Pijpers, Arthur"]
[Black "De Wit, Michel"]
[Result "1-0"]
[WhiteElo "2484"]
[BlackElo "2208"]
[PlyCount "73"]
[EventDate "2018.09.15"]
[EventType "team-tourn"]
[EventRounds "9"]
[EventCountry "NED"]
[WhiteTeam "LSG IntelliMagic"]
[BlackTeam "Charlois Europoort"]
[WhiteTeamCountry "NED"]
[BlackTeamCountry "NED"]

1. e4 e5 2. Nf3 Nc6 3. Bb5 a6 4. Ba4 Nge7 5. c3 g6 6. d4 exd4 7. cxd4 b5 8. Bc2
d5 9. exd5 Nxd5 10. O-O Bg7 11. Bg5 Qd6 12. Nbd2 f5 13. Re1+ Be6 14. Qe2 Kf7
15. Nb3 Rae8 16. Ne5+ Nxe5 17. dxe5 Qb6 18. Rad1 h6 19. Bc1 Nb4 20. Be3 Qb8 21.
Nc5 Nxc2 22. Qxc2 Qc8 23. Nxe6 Rxe6 24. Qb3 Rd8 25. f4 Rxd1 26. Rxd1 Bf8 27. a4
Qe8 28. Rc1 Qd7 29. axb5 axb5 30. Qc2 c6 31. Rd1 Qc7 32. Qb3 Be7 33. h3 h5 34.
Ra1 Qc8 35. Ra7 Kf8 36. Qa2 Kg7 37. Bc5 1-0

[Event "Meesterklasse 2018-2109"]
[Site "?"]
[Date "2018.12.15"]
[Round "5.3"]
[White "Van Haastert, Edwin"]
[Black "Geirnaert, Steven"]
[Result "1/2-1/2"]
[WhiteElo "2435"]
[BlackElo "2424"]
[PlyCount "29"]
[EventDate "2018.09.15"]
[EventType "team-tourn"]
[EventRounds "9"]
[EventCountry "NED"]
[WhiteTeam "LSG IntelliMagic"]
[BlackTeam "Charlois Europoort"]
[WhiteTeamCountry "NED"]
[BlackTeamCountry "NED"]

1. e4 e5 2. Nf3 Nc6 3. Nc3 Nf6 4. d4 exd4 5. Nxd4 Bb4 6. Nxc6 bxc6 7. Bd3 O-O
8. O-O d5 9. exd5 cxd5 10. h3 Be6 11. Qf3 c6 12. Ne2 Re8 13. Nd4 Qc7 14. Bf4
Bd6 15. Bxd6 1/2-1/2

[Event "Meesterklasse 2018-2109"]
[Site "?"]
[Date "2018.12.15"]
[Round "5.6"]
[White "Dardha, Daniel"]
[Black "Van der Werf, Mark"]
[Result "0-1"]
[WhiteElo "2336"]
[BlackElo "2398"]
[PlyCount "80"]
[EventDate "2018.09.15"]
[EventType "team-tourn"]
[EventRounds "9"]
[EventCountry "NED"]
[WhiteTeam "Charlois Europoort"]
[BlackTeam "LSG IntelliMagic"]
[WhiteTeamCountry "NED"]
[BlackTeamCountry "NED"]

1. e4 d6 2. d4 Nf6 3. f3 c5 4. d5 e6 5. Nc3 exd5 6. exd5 Be7 7. Nge2 O-O 8. g3
Na6 9. Bg2 Nc7 10. a4 b6 11. O-O Bb7 12. f4 a6 13. f5 b5 14. Nf4 b4 15. Ne4 a5
16. c4 bxc3 17. bxc3 Ba6 18. Re1 Qd7 19. Bd2 Rae8 20. Bh3 Ncxd5 21. Nxd5 Nxd5
22. g4 Bh4 23. Ng3 Rxe1+ 24. Qxe1 Re8 25. Qb1 Bxg3 26. hxg3 Nf6 27. Qb6 Bb7 28.
Qb5 Bc6 29. Qxa5 h6 30. Re1 Rxe1+ 31. Bxe1 Qe8 32. c4 Qe4 33. g5 hxg5 34. Qd8+
Kh7 35. Kf2 Qf3+ 36. Kg1 Qh1+ 37. Kf2 Qxh3 38. a5 Qxf5+ 39. Ke2 Qf3+ 40. Kd2
Ne4+ 0-1

[Event "Meesterklasse 2018-2109"]
[Site "?"]
[Date "2018.12.15"]
[Round "5.7"]
[White "Wiersma, Eelke"]
[Black "Dardha, Arben"]
[Result "1/2-1/2"]
[WhiteElo "2337"]
[BlackElo "2297"]
[PlyCount "41"]
[EventDate "2018.09.15"]
[EventType "team-tourn"]
[EventRounds "9"]
[EventCountry "NED"]
[WhiteTeam "LSG IntelliMagic"]
[BlackTeam "Charlois Europoort"]
[WhiteTeamCountry "NED"]
[BlackTeamCountry "NED"]

1. e4 c5 2. Nf3 Nc6 3. Bb5 g6 4. Bxc6 dxc6 5. d3 Bg7 6. h3 Nf6 7. Nc3 Nd7 8.
Be3 e5 9. Qd2 h6 10. O-O b6 11. a3 Qe7 12. Nh2 Nf8 13. b4 Ne6 14. Na4 f5 15. f3
f4 16. Bf2 Bd7 17. bxc5 b5 18. Nb2 Nxc5 19. a4 a6 20. Qa5 Kf7 21. Qb6 1/2-1/2

[Event "Meesterklasse 2018-2109"]
[Site "?"]
[Date "2018.12.15"]
[Round "5.8"]
[White "Lecomte, Robin"]
[Black "Bosman, Michiel"]
[Result "1/2-1/2"]
[WhiteElo "2246"]
[BlackElo "2379"]
[PlyCount "65"]
[EventDate "2018.09.15"]
[EventType "team-tourn"]
[EventRounds "9"]
[EventCountry "NED"]
[WhiteTeam "Charlois Europoort"]
[BlackTeam "LSG IntelliMagic"]
[WhiteTeamCountry "NED"]
[BlackTeamCountry "NED"]

1. d4 Nf6 2. Nf3 e6 3. g3 b5 4. Bg2 Bb7 5. O-O c5 6. a4 b4 7. c4 Na6 8. Bf4 d6
9. Bg5 Be7 10. e3 O-O 11. Nfd2 Bxg2 12. Kxg2 d5 13. Qe2 Rc8 14. cxd5 Qxd5+ 15.
Nf3 Nb8 16. e4 Qb7 17. e5 $6 Nd5 18. Bxe7 Nxe7 19. Nbd2 cxd4 20. Nb3 Rfd8 21.
Qb5 Qd5 22. Qxd5 Rxd5 23. Nbxd4 Nbc6 24. Nxc6 Rxc6 25. Rac1 Rdc5 26. Rxc5 Rxc5
27. Rd1 Nd5 28. Nd4 Kf8 29. Nb3 Rc2 30. Rd2 Rc7 31. Rd1 Rc2 32. Rd2 Rc7 33. Rd1
1/2-1/2